Φορτώνει......

Entrepreneur enterprise and growth options /

Λεπτομέρειες βιβλιογραφικής εγγραφής
Κύριος συγγραφέας: Subba Rao, P.
Άλλοι συγγραφείς: Sundaram, M.
Μορφή: Printed Book
Γλώσσα:English
Έκδοση: Delhi : Konark Publishers, 1993.
Σειρά:Entrepreneurial Development Programme Series
LEADER 00624nam a22001697a 4500
008 171005b xxu||||| |||| 00| 0 eng d
999 |c 164652  |d 164652 
020 |a 8185475202 
082 |a  658.4042  
100 |a Subba Rao, P. 
245 |a Entrepreneur enterprise and growth options /  |c P. Subba Rao and M. Sundaram 
260 |b Konark Publishers,  |c 1993.  |a Delhi : 
300 |a 383 p. 
490 |a Entrepreneurial Development Programme Series 
700 |a Sundaram, M. 
942 |c TH 
952 |0 0  |1 0  |4 0  |6 658_404200000000000_SUB_E  |7 0  |8 SEC  |9 180970  |a CMS  |b CMS  |c ST1  |d 2017-10-05  |i 5991  |l 0  |o 658.4042 SUB/E  |p CMS5991  |r 2017-10-05  |w 2017-10-05  |y BK